PHARMACOGNOSY (Record no. 7115)
[ view plain ]
| 000 -LEADER | |
|---|---|
| fixed length control field | 00243nam a2200121Ia 4500 |
| 082 ## - DEWEY DECIMAL CLASSIFICATION NUMBER | |
| Classification number | 615.34 |
| Item number | P14Q |
| 100 ## - MAIN ENTRY--PERSONAL NAME | |
| Personal name | QADRY, J.S. |
| 245 ## - TITLE STATEMENT | |
| Title | PHARMACOGNOSY |
| 260 ## - PUBLICATION, DISTRIBUTION, ETC. (IMPRINT) | |
| Name of publisher, distributor, etc | CBS- DELHI |
| 300 ## - PAGE DESCRIPTION | |
| No. of Pages | 565 |
| 650 ## - SUBJECT ADDED ENTRY--TOPICAL TERM | |
| Topical term or geographic name as entry element | PHARMACOLOGY |
| 942 ## - ADDED ENTRY ELEMENTS (KOHA) | |
| Source of classification or shelving scheme | Dewey Decimal Classification |
| Koha item type | Books |
| 942 ## - ADDED ENTRY ELEMENTS (KOHA) | |
| -- | 7 |
| Withdrawn status | Lost status | Source of classification or shelving scheme | Damaged status | Not for loan | Collection code | Home library | Current library | Date acquired | Vendor Name | Cost, normal purchase price | SGTU | Bill Number | Total Checkouts | Full call number | Accession No. (Barcode) | Date last seen | Date last borrowed | Bill Date | Koha item type | Shelving location |
|---|---|---|---|---|---|---|---|---|---|---|---|---|---|---|---|---|---|---|---|---|
| Dewey Decimal Classification | PHARMACY | SGT FA-FP Library | SGT FA-FP Library | 02/07/2015 | ABC DELHI | 395.00 | SGTU | 492 | 18 | 615.34 P14Q | FP426 | 05/07/2022 | 23/06/2022 | 24/11/2014 | Books | |||||
| Dewey Decimal Classification | PHARMACY | SGT FA-FP Library | SGT FA-FP Library | 02/07/2015 | ABC DELHI | 395.00 | SGTU | 492 | 14 | 615.34 P14Q | FP427 | 18/08/2021 | 29/07/2021 | 24/11/2014 | Books | |||||
| Dewey Decimal Classification | PHARMACY | SGT FA-FP Library | SGT FA-FP Library | 02/07/2015 | ABC DELHI | 395.00 | SGTU | 492 | 15 | 615.34 P14Q | FP428 | 20/04/2026 | 20/04/2026 | 24/11/2014 | Books | |||||
| Dewey Decimal Classification | PHARMACY | SGT FA-FP Library | SGT FA-FP Library | 02/07/2015 | ABC DELHI | 395.00 | SGTU | 492 | 3 | 615.34 P14Q | FP429 | 30/12/2015 | 24/12/2015 | 24/11/2014 | Books | Reference Book | ||||
| Dewey Decimal Classification | PHARMACY | SGT FA-FP Library | SGT FA-FP Library | 02/07/2015 | ABC DELHI | 395.00 | SGTU | 492 | 11 | 615.34 P14Q | FP430 | 20/04/2026 | 20/04/2026 | 24/11/2014 | Books |